| 000 | 00554cam a22002171 4500 | ||
|---|---|---|---|
| 001 | 30522 | ||
| 005 | 20220405165443.0 | ||
| 035 | _a(porbase)209338 | ||
| 090 | _a30522 | ||
| 095 | _aPTBN00216959 | ||
| 100 | _a20090623d1966 km y0pory5003 ba | ||
| 101 | 0 | _afre | |
| 102 | _aPT | ||
| 930 | _lBECRE | ||
| 675 |
_a159.9 _vmed _zpor |
||
| 998 | _aCR382 - 00472 | ||
| 200 | 1 | _aCaractéres, conduites et cultures | |
| 210 |
_aLisboa _cFund. Calouste Gulbenkian, _d1966 [D.L. 1971] |
||
| 215 |
_aXXII, [1], 515, [1].p. _cil. _d23 cm |
||
| 801 | 0 |
_aPT _bBN _gRPC |
|
| 990 | _cLIVROS | ||